Counties in Arizona - Statistics

General Stats
  • This quiz has been taken 16 times
  • The average score is 11 of 15
Answer Stats
County % Correct
Navajo
92%
Yuma
92%
Apache
85%
Maricopa
85%
Mohave
77%
Yavapai
77%
Coconino
69%
Gila
69%
Graham
69%
Pima
69%
Cochise
62%
Greenlee
62%
Pinal
62%
Santa Cruz
62%
La Paz
54%
No matching quizzes found
Score Distribution
Percent of People with Each Score
Percentile by Number Answered
Your Score History
You have not taken this quiz